000 02008nam0a2200373 i 4500
001 RU\NLR\BIBL_A\010771929
005 20260406141255.0
010 _a9785970432501
_91500
021 _aRU
_b2015-29901
_91771
035 _aRUCML-BIBL-0001403485
035 _a(NLR Aleph) 010771929
090 _a10025479
_c10025479
100 _a20150529d2015 km y0rusy50 ca
101 0 _arus
102 _aRU
105 _aa|||j|||000yy
200 1 _aАкушерство
_eруководство к практическим занятиям
_eучебное пособие для студентов образовательных организаций высшего профессионального образования, обучающихся по направлению подготовки "Лечебное дело" по разделу "Акушерство" дисциплины "Акушерство и гинекология"
_f[Апресян Сергей Владиславович, д.м.н., проф. и др.]
_gпод ред. проф. В. Е. Радзинского
205 _a5-е изд., перераб. и доп.
210 _aМосква
_cГЭОТАР-Медиа
_d2015
215 _a725 с.
_cил., цв. ил.
_d25
320 _aБиблиогр.: с. 716-717 (21 назв.)
320 _aПредм. указ.: с. 718-725
606 _aАкушерство
_jУчебные издания для высших учебных заведений
_9906825
_3RU\NLR\AUTH\6610757
686 1 _aР716я73
702 1 _aАпресян
_bС. В.
_gСергей Владиславович
_4220
702 1 _4070
_7ca
_8rus
_aРадзинский
_bВ. Е.
_f1947-
_gВиктор Евсеевич
_9113394
_3RU\NLR\AUTH\773398
801 0 _aRU
_bЦНМБ
_c20150424
_gRCR
801 1 _aRU
_bЦНМБ
_c20150424
_2rusmarc
801 2 _aRU
_bЦНМБ
_c20150518
_2rusmarc
801 2 _aRU
_bЦНМБ
_c20150519
_2rusmarc
942 _cBOOK
980 _aNBR